Top Goal-scoring Defenders - Statistics

General Stats
  • This quiz has been taken 97 times
  • The average score is 5 of 18
Answer Stats
Goals Country Player % Correct
72 Spain Sergio Ramos
75%
73 England John Terry
65%
109 Germany Franz Beckenbauer
58%
124 Brazil Roberto Carlos
57%
253 Netherlands Ronald Koeman
51%
163 Spain Fernando Hierro
42%
152 France Laurent Blanc
38%
82 Norway John Arne Riise
25%
165 Argentina Daniel Passarella
22%
76 Netherlands Frank de Boer
22%
92 Serbia Sinisa Mihajlovic
14%
74 Germany Andreas Brehme
13%
81 Ireland Ian Harte
10%
82 Belgium Daniel van Buyten
8%
113 England Steve Bruce
8%
78 Italy Giacinto Facchetti
6%
130 Scotland Graham Alexander
5%
110 Japan Marcus Tulio Tanaka
4%
No matching quizzes found
Score Distribution
Percent of People with Each Score
Percentile by Number Answered
Your Score History
You have not taken this quiz